Numerická simulácia napäťovo-deformačného stavu deformačného člena snímača
Salvato in:
| Autore principale: | |
|---|---|
| Altri autori: | |
| Natura: | Manoscritto Libro |
| Lingua: | slovacco |
| Pubblicazione: |
2017
|
| Soggetti: | |
| Accesso online: | http://is.stuba.sk/zp/portal_zp.pl?podrobnosti=121223 |
| Tags: |
Nessun Tag, puoi essere il primo ad aggiungerne!!
|
MARC
| LEADER | 00000ntm a22000003a 4500 | ||
|---|---|---|---|
| 001 | stuzp61068 | ||
| 003 | SK-STU | ||
| 005 | 20170701210444.4 | ||
| 007 | ta | ||
| 008 | 150427s2015----xo-----f-mn---000-0-slo-d | ||
| 040 | |a STU |b slo | ||
| 041 | 0 | |a slo | |
| 100 | 1 | |a Bucha, Peter |u 063000 |4 aut |U MTF Materiálovotechnologická fakulta |T MTF Ústav výrobných technológií |X 54765 |U M3000 |Y 83 |7 54765 | |
| 242 | 0 | 1 | |a Numerical simulation of the stress-strain analysis of the sensor deformation member |y eng |
| 245 | 1 | 0 | |a Numerická simulácia napäťovo-deformačného stavu deformačného člena snímača |
| 260 | |c 2017 | ||
| 650 | 4 | |a metóda konečných prvkov |2 slo | |
| 650 | 4 | |a modálna analýza |2 slo | |
| 650 | 4 | |a numerická analýza |2 slo | |
| 650 | 4 | |a deformačný člen |2 slo | |
| 650 | 4 | |a modal analysis |2 eng | |
| 650 | 4 | |a numerical analysis |2 eng | |
| 650 | 4 | |a deformation member |2 eng | |
| 650 | 4 | |a the finite element method |2 eng | |
| 700 | 1 | |a Rolník, Ladislav |u 066000 |k Z1 |4 ths |U MTF Materiálovotechnologická fakulta |T MTF Ústav aplikovanej informatiky, automatizácie a mechatroniky |X 52252 |U M6000 |Y 86 |7 A000052252 | |
| 856 | 4 | |u http://is.stuba.sk/zp/portal_zp.pl?podrobnosti=121223 | |
| 996 | |c M* BP-8114 |l MMSKP |s P |a 0 |w stuzp61068_0001 | ||